MDQL
is popping MORE tags! Check the
thread
!
Quizzes
Events
Quiz Creation
Community
Videos
Private Events
Remove Ads
Sign In
Join for FREE
Feedback
Dark Mode
Quiz Categories
Sports
Geography
Music
Movies
Television
Just For Fun
Miscellaneous
History
Literature
Language
Science
Gaming
Entertainment
Religion
Holiday
For Kids
Quiz Lab
Recent
Popular Today
Quiz Kudos Today
Editor Picks
Curator Picks
Quizzes by...
Day
Popularity
Type
Ratings
Length
Year
Community
Subscriptions
Recent Discussions
Orange Saloon
Badges
Playlists
Quests
Create
Leaderboards
Showdown
Live 5
Trivia Bingo
Activity
Puzzle Library
Sporcle Events
Private Events
Virtual Trivia
Globe League
Become a Host
Pub Owners
SporcleCon
Opinionation
Our Games
Videos
Blog
Mobile Apps
Partnerships
Remove Ads and Go Orange
Feedback
Music
Pop Music
The Beatles
Song
Album
Lyrics
Bands
Singers
Artist
Clip
Rock
Rap
Classical
Billboard
Country Music
Kpop
Taylor Swift
Music
Pop Music
The Beatles
Song
Album
Lyrics
Bands
Singers
Artist
Clip
Rock
Rap
Classical
Billboard
Country Music
Kpop
Taylor Swift
Random Quiz
Search Sporcle
×
Quiz Lab
Quiz Lab
Music
feel
Type in answers that appear in a list
Type in answers that appear in a list
Classic
Best Score? Go Orange.
Lyrics: 'How Much I Feel' By Ambrosia Stats
Can you name the How Much I Feel, Ambrosia (Lyrics)
By
Fearz
10m
289 Questions
236 Plays
236 Plays
236 Plays
Comments
Comments
Give Quiz Kudos
Give Quiz Kudos
-
- Ratings
hide this ad
Replay
Link that replays current quiz
Next Quiz
Link to next quiz in quiz playlist
You Got
0%
They Got
Avg Score
83%
Avg Friend Score
Upgrade to see
Score Distribution
Jump to the score distribution portion of the page
Score
0/289
Timer
10:00
0
Plays Today
% Correct
how
98.7%
how
98.7%
how
98.7%
how
98.7%
how
98.7%
how
98.7%
how
98.7%
how
98.7%
how
98.7%
how
98.7%
how
98.7%
how
98.7%
how
98.7%
how
98.7%
how
98.7%
how
98.7%
how
98.7%
how
98.7%
how
98.7%
how
98.7%
how
98.7%
how
98.7%
how
98%
you
97.9%
you
97.9%
you
97.9%
you
97.9%
you
97.9%
you
97.9%
you
97.9%
you
97.9%
you
97.9%
you
97.9%
you
97.9%
you
97.9%
that
97.5%
that
97.5%
that
97.5%
that
97.5%
much
96.6%
feel
96.6%
feel
96.6%
much
96.6%
much
96.6%
much
96.6%
much
96.6%
much
96.6%
much
96.6%
much
96.6%
feel
96.6%
feel
96.6%
much
96.6%
much
96.6%
much
96.6%
much
96.6%
much
96.6%
much
96.6%
much
96.6%
much
96.6%
much
96.6%
much
96.6%
much
96.6%
feel
96.6%
feel
96.6%
much
96.6%
much
96.6%
I
95.8%
I
95.8%
the
95.8%
and
95.8%
that's
95.8%
I
95.8%
for
95.8%
I
95.8%
I
95.8%
I
95.8%
I
95.8%
for
95.8%
that's
95.8%
that's
95.8%
that's
95.8%
that's
95.8%
I
95.8%
and
95.8%
the
95.8%
and
95.8%
and
95.8%
that's
95.8%
I
95.8%
for
95.8%
I
95.8%
I
95.8%
I
95.8%
I
95.8%
for
95.8%
that's
95.8%
that's
95.8%
% Correct
that's
95.8%
that's
95.8%
the
95.8%
and
95.8%
a
95.8%
and
95.8%
that's
95.8%
that's
95.8%
that's
95.8%
that's
95.8%
a
95.8%
I
95.8%
that's
95.8%
I
95.8%
for
95.8%
that's
95.8%
I
95.8%
I
95.8%
I
95.8%
I
95.8%
for
95.8%
that's
95.2%
know
94.1%
your
94.1%
your
94.1%
your
94.1%
your
94.1%
your
94.1%
your
94.1%
your
94.1%
to
93.6%
to
93.6%
to
93.6%
to
93.6%
to
93.6%
baby
93.2%
baby
93.2%
baby
93.2%
don't
92.8%
be
92.4%
be
92.4%
be
92.4%
be
92.4%
love
91.9%
we
91.9%
we
91.9%
love
91.9%
we
91.9%
need
91.5%
need
91.5%
need
91.5%
need
91.5%
need
91.5%
need
91.5%
this
90.3%
been
89.8%
been
89.8%
been
89.8%
been
89.8%
touch
88.6%
touch
88.6%
touch
88.6%
me
88.1%
me
88.1%
me
88.1%
on
86.4%
started
86%
but
85.6%
but
85.6%
but
85.6%
see
85.6%
whole
85.2%
of
84.7%
think
84.7%
of
84.7%
of
84.7%
loving
84.3%
loving
84.3%
loving
84.3%
just
83.9%
live
83.9%
live
83.9%
live
83.9%
live
83.9%
so
83.9%
just
83.9%
just
83.9%
just
83.9%
live
83.9%
live
83.9%
if
82.6%
it
82.6%
If
82.6%
in
82.2%
business
81.4%
thinkin'
80.5%
had
79.7%
% Correct
i'll
79.7%
i'll
79.7%
had
79.7%
from
79.2%
when
79.2%
when
79.2%
untrue
78.8%
it's
78.8%
some
78.8%
have
78.8%
away
78.4%
i've
77.5%
I've
77.5%
make
75.8%
make
75.8%
got
75.4%
got
75.4%
give
75%
give
75%
give
75%
face
75%
now
74.6%
we'd
74.2%
can
74.2%
parted
73.7%
still
73.7%
gone
73.3%
as
72.9%
as
72.9%
were
72.5%
goin'
72%
one
71.2%
better
70.8%
better
70.8%
say
70.8%
try
70.3%
try
70.3%
try
70.3%
try
70.3%
gonna
69.9%
sign
69.9%
all
69.9%
all
69.9%
hurt
69.5%
will
69.1%
years
69.1%
break
67.8%
you're
67.8%
wife
67.8%
strong
67.4%
then
66.9%
there's
66.9%
at
65.7%
my
64.8%
life
64.8%
you've
63.6%
sometimes
63.6%
recall
63.6%
like
63.1%
going
62.7%
night
61.9%
more
61.4%
how's
61.4%
well
61%
well
61%
stay
61%
would
60.6%
before
60.6%
little
60.2%
something
60.2%
I'm
58.9%
only
58.9%
take
58.5%
forgiven
58.5%
middle
58.1%
off
58.1%
hand
57.2%
both
56.8%
hold
56.4%
dreamin'
55.9%
I'd
55.9%
I'd
55.9%
cry
55.9%
cry
55.9%
realize
55.5%
alone
54.7%
foolish
54.7%
amends
54.2%
`cause
53.4%
sleep
50.8%
friends
50.8%
seems
50%
late
49.6%
togetherness
41.1%
leavin'
41.1%
Quiz Playlist
Details
Report
Send in Message
Add To Playlist
Classic:
Type in answers that appear in a list
Last Updated: Apr 5, 2018
Quiz Scoreboard
CHALLENGE
Sign Up to Join the Scoreboard
Show All
Scores
Hide
Comments
May contain spoilers
Recently Published
Two Season TV Shows II
by 123Four
Television
10m
Image Sorting: Flags VI
by Barbecue
Geography
2m
Find the 'City' Movie
by crazypaving
Movies
60s
More to Explore
Quiz From the Vault
Featured Blog Post
14 Easter Pick-up Lines to Find Eggs With
hide this ad
You Might Also Like...
Tags
feel
How Much
much
Today's Top Quizzes in Music
Browse Music
hide this ad
Today's Top Quizzes in feel
Browse feel
Top Contributed Quizzes in Music
1
5X2 Blitz: Bands II
2
5X2 Blitz: The Beatles
3
Taylor Swift All Songs (2024)
4
5X2 Blitz: Billboard
5
5X2 Blitz: Billboard II
6
Music Artist by Three 2010s hits
7
5X2 Blitz: Album
8
5X2 Blitz: Rock
9
5X2 Blitz: Singers
10
5X2 Blitz: Lyrics
Explore More
Trending Topics
Kpop
Harry Potter
Anime
Disney
NBA
Marvel
Crossword
WWE
Soccer
Pokémon
The Office
Country
Puzzle
Song
NFL
hide this ad
More By:
Fearz
Quiz
Plays
Rating
Category
Featured
Created
Lyrics: 'Take It On The Run' By Reo Speedwagon
1,160
4.89
Music
Jun 5, 2014
Lyrics: 'If You Leave Me Now' by Chicago
797
4.67
Music
Apr 1, 2018
Lyrics:'Easy Lover' by Phil Collins & Phil Bailey
783
4.88
Music
Apr 11, 2018
Lyrics: 'Hold The Line' By Toto
704
4.86
Music
May 27, 2016
Lyrics: ' Run to You' by Bryan Adams
639
5.00
Music
Apr 7, 2018
Go to Creator's Profile
Score Distribution
Quiz Creator Spotlight
Fearz
Follow
Send a Message
Quizzes Created
-
Created Quiz Play Count
-
More By This Creator
Popular Quizzes Today
1
Find the US States - No Outlines Minefield
2
Colored Red Africa Blitz
3
Find the 'City' Movie
4
5x2 Blitz: Bands
5
The Countries of the World
6
Find the Countries of Europe - No Outlines Minefield
7
Find the US States
8
US States
More Music Quizzes
[Audio] Guess the song (SNSD ver.)
Quiz Lab
Trending Quizzes
Colored Red Europe Blitz I
Colored Red Africa Blitz II
Colored Red Europe Blitz II
Colored Red Africa Blitz III
Even More Two Season TV Shows
Recently Updated
March Madness Men's Triple Doubles
pecheneg
How Do You Spell That?
pecheneg
Godzilla Movies
pecheneg
Grab Bag: 4-10 Letters
pecheneg
2024 March Madness Bracket
pecheneg
Famous TV Couples
Peacemaker
Champions League XIs: Real Madrid
pecheneg
Largest US Cities 1790-2010
pecheneg
Rides in Walt Disney World
pecheneg
Most Oscar Losses (Acting)
pecheneg
Trending Topics
NBA
Disney
Harry Potter
Crossword
Anime
Marvel
Kpop
Puzzle
Song
Soccer
The Office
Country
WWE
Pokémon
NFL
Your Account Isn't Verified!
In order to create a playlist on Sporcle, you need to verify the email address you used during registration. Go to your
Sporcle Settings
to finish the process.
Report this User
Report this user for behavior that violates our
Community Guidelines
.
Details:
Send Report
Go to the Sporcle.com Mobile Site →
Comments